[Event "Greifswald Ryck op 24th"]
[Site "Greifswald"]
[Date "2023.07.23"]
[Round "7"]
[White "Warnig, Marcel"]
[Black "Quiram, Heiko"]
[Result "1-0"]
[WhiteElo "1527"]
[BlackElo "1639"]
[PlyCount "81"]
[EventDate "2023.07.19"]
[EventType "swiss"]
[EventRounds "7"]
[EventCountry "GER"]
[SourceTitle "CBM 215 Extra"]
[Source "ChessBase"]
[SourceDate "2023.09.30"]
[SourceVersion "1"]
[SourceVersionDate "2023.09.30"]
[SourceQuality "1"]

1. e4 c5 2. Nf3 Nc6 3. d4 cxd4 4. Nxd4 Nf6 5. Nc3 e6 6. Ndb5 d6 7. Bf4 e5 8. Bg5 a6 9. Na3 Be7 10. Bxf6 Bxf6 11. Nd5 b5 12. c4 bxc4 13. Nxc4 Nd4 14. Qa4+ Kf8 15. Bd3 Be7 16. 0-0 Bd7 17. Qa3 Bb5 18. Rac1 Rb8 19. Kh1 h5 20. Nxe7 Qxe7 21. Ne3 Bxd3 22. Qxd3 Qb7 23. Qa3 Rh6 24. Nd5 f5 25. Rc7 Qxb2 26. Rc8+ Kf7 27. Rc7+ Kf8 28. Qxa6 fxe4 29. Rc8+ Rxc8 30. Qxc8+ Kf7 31. Rc1 Qxa2 32. Qd7+ Kg8 33. Ne7+ Kh7 34. Qc8 Qe6 35. Qb7 Qg4 36. h3 Qf4 37. Qc8 Re6 38. Qg8+ Kh6 39. Qh8+ Kg5 40. Qxg7+ Kh4 41. g3+ 1-0

[Event "Greifswald op"]
[Site "Greifswald"]
[Date "2023.01.08"]
[Round "5"]
[White "Quiram, Heiko"]
[Black "Gottschalt, Karsten"]
[Result "1-0"]
[WhiteElo "1639"]
[BlackElo "1149"]
[PlyCount "31"]
[EventDate "2023.01.06"]
[EventType "swiss"]
[EventRounds "5"]
[EventCountry "GER"]
[SourceTitle "CBM 212 Extra"]
[Source "ChessBase"]
[SourceDate "2023.03.31"]
[SourceVersion "1"]
[SourceVersionDate "2023.03.31"]
[SourceQuality "1"]

1. e4 e5 2. Nf3 Nc6 3. Bb5 Nge7 4. 0-0 a6 5. Ba4 f6 6. c3 d6 7. h3 Bd7 8. d4 Nb8 9. Bb3 Ng6 10. dxe5 Nxe5 11. Nxe5 dxe5 12. Qd5 Qe7 13. Qxb7 Bc6 14. Qc8+ Qd8 15. Bf7+ Ke7 16. Qe6# 1-0

[Event "Greifswald op"]
[Site "Greifswald"]
[Date "2023.01.07"]
[Round "3"]
[White "Quiram, Heiko"]
[Black "Woll, Wilfried"]
[Result "0-1"]
[WhiteElo "1639"]
[BlackElo "2021"]
[PlyCount "102"]
[EventDate "2023.01.06"]
[EventType "swiss"]
[EventRounds "5"]
[EventCountry "GER"]
[SourceTitle "CBM 212 Extra"]
[Source "ChessBase"]
[SourceDate "2023.03.31"]
[SourceVersion "1"]
[SourceVersionDate "2023.03.31"]
[SourceQuality "1"]

1. e4 e6 2. d4 d5 3. exd5 exd5 4. Nf3 Bg4 5. Bd3 Nc6 6. c3 Bd6 7. 0-0 Nge7 8. Re1 Qd7 9. Nbd2 0-0 10. Nf1 f6 11. Ne3 Bh5 12. Be2 Bf7 13. Qc2 Bg6 14. Bd3 Bxd3 15. Qxd3 Nd8 16. Nh4 g6 17. g3 c6 18. Neg2 Nf7 19. Bf4 g5 20. Bxd6 Nxd6 21. Nf3 Nef5 22. Re2 b5 23. Rae1 Ne4 24. Nd2 Nxd2 25. Qxd2 Rae8 26. Qd3 Nd6 27. b4 Rxe2 28. Rxe2 Re8 29. Qf3 Rxe2 30. Qxe2 Kf7 31. Ne3 Qh3 32. f3 h5 33. g4 f5 34. Qg2 hxg4 35. Qxh3 gxh3 36. Kf2 Ke6 37. Nd1 Nc4 38. Ke2 g4 39. Kf2 Kf6 40. Kg3 Kg5 41. f4+ Kf6 42. Kf2 Nd2 43. Ke2 Nf3 44. Kf2 Nxh2 45. Ne3 Nf3 46. Kg3 Nd2 47. Kh2 Ne4 48. Nd1 Kg6 49. Kg1 g3 50. Kf1 h2 51. Kg2 Nf2 0-1